| 000 | 00837nam a22002297a 4500 | ||
|---|---|---|---|
| 005 | 20241025122019.0 | ||
| 010 | _aENG-142433 | ||
| 020 |
_a9789354425479 _c3050.00 |
||
| 035 | _aEN-125965 | ||
| 037 | _bDBAD | ||
| 082 |
_a954.32 _21 |
||
| 245 |
_aThe Languages of Karnataka: _cEdited By G. N. Devy; Rajeshwari Maheshwaraiah [and] H. M. Maheshwaraiah _bPeople’s Linguistic Survey of India (PLSI)/ |
||
| 250 | _a1 | ||
| 260 |
_aHyderabad _bOrient Blackswan Private Ltd _c2024 |
||
| 270 |
_a3-6-752, Himayatnagar _bHyderabad _e500029 _minfo@orintblackswan.com |
||
| 300 |
_axlii,370p. _c25cm(hb) |
||
| 490 |
_aPart 2 _v14 |
||
| 700 |
_aDevy, G. N. _eChief Editor _973455 |
||
| 700 |
_aMaheshwaraiah , Rajeshwari _eEditor _973456 |
||
| 700 |
_aMaheshwaraiah, H. M. _eEditor _973457 |
||
| 942 |
_2ddc _cEN _h954.32 _mLAN |
||
| 999 |
_c206753 _d206753 |
||